Perintah-perintah am [bab "A"-bab "G"] : Peraturan-peraturan lembaga tatatertib perkhidmatan awam ; Arahan perbendaharaan ; Panduan pengurusan pejabat ; Panduan perbendaharaan tatacara pengurusan stor ; Tatacara pengurusan aset alih kerajaan ; Akta acara kewangan ; Surat pekeliling : (semua pindaan hingga Jun, 2011) : buku panduan untuk peperiksaan am kerajaan / (Record no. 183)

000 -LEADER
fixed length control field nam a22 a 4500
003 - CONTROL NUMBER IDENTIFIER
control field AKMAL
005 - DATE AND TIME OF LATEST TRANSACTION
control field 20170425103522.0
008 - FIXED-LENGTH DATA ELEMENTS--GENERAL INFORMATION
fixed length control field 170425s2011 my | e l 000 0 may d
020 ## - INTERNATIONAL STANDARD BOOK NUMBER
International Standard Book Number 9789677013777
Terms of availability RM42.00
082 04 - DEWEY DECIMAL CLASSIFICATION NUMBER
Classification number 342.595068
090 00 - LOCALLY ASSIGNED LC-TYPE CALL NUMBER (OCLC); LOCAL CALL NUMBER (RLIN)
Classification number (OCLC) (R) ; Classification number, CALL (RLIN) (NR) 342.595068
Local cutter number (OCLC) ; Book number/undivided call number, CALL (RLIN) MAL
110 1# - MAIN ENTRY--CORPORATE NAME
Corporate name or jurisdiction name as entry element Malaysia
9 (RLIN) 400
245 10 - TITLE STATEMENT
Title Perintah-perintah am [bab "A"-bab "G"] : Peraturan-peraturan lembaga tatatertib perkhidmatan awam ; Arahan perbendaharaan ; Panduan pengurusan pejabat ; Panduan perbendaharaan tatacara pengurusan stor ; Tatacara pengurusan aset alih kerajaan ; Akta acara kewangan ; Surat pekeliling : (semua pindaan hingga Jun, 2011) : buku panduan untuk peperiksaan am kerajaan /
Statement of responsibility, etc. disusun semula oleh Penasihat Undang-undang MDC
260 ## - PUBLICATION, DISTRIBUTION, ETC.
Place of publication, distribution, etc. Kuala Lumpur :
Name of publisher, distributor, etc. MDC Publishers,
300 ## - PHYSICAL DESCRIPTION
Extent 855ms. ;
Dimensions 30cm.
650 10 - SUBJECT ADDED ENTRY--TOPICAL TERM
Topical term or geographic name entry element Civil service
Geographic subdivision Malaysia
9 (RLIN) 420
650 20 - SUBJECT ADDED ENTRY--TOPICAL TERM
Topical term or geographic name entry element Administrative agencies
Geographic subdivision Malaysia
General subdivision Rules and practice
9 (RLIN) 424
650 20 - SUBJECT ADDED ENTRY--TOPICAL TERM
Topical term or geographic name entry element Administrative procedure
Geographic subdivision Malaysia
9 (RLIN) 425
651 #0 - SUBJECT ADDED ENTRY--GEOGRAPHIC NAME
Geographic name Malaysia
General subdivision Officials and employees
9 (RLIN) 426
710 2# - ADDED ENTRY--CORPORATE NAME
Corporate name or jurisdiction name as entry element Penasihat Undang-Undang MDC
9 (RLIN) 405
942 ## - ADDED ENTRY ELEMENTS (KOHA)
Source of classification or shelving scheme
Koha item type Book
Holdings
Withdrawn status Lost status Source of classification or shelving scheme Damaged status Not for loan Collection code Home library Current library Shelving location Date acquired Inventory number Total Checkouts Full call number Barcode Date last seen Price effective from Koha item type
          NON-FICTION AKMAL Melaka AKMAL Melaka PINJAMAN 25.04.2017 305868   342.595068 MAL 201700388 25.04.2017 25.04.2017 Book
          NON-FICTION AKMAL Melaka AKMAL Melaka PINJAMAN 25.04.2017 305866   342.595068 MAL 201700387 25.04.2017 25.04.2017 Book
          NON-FICTION AKMAL Melaka AKMAL Melaka PINJAMAN 25.04.2017 305874   342.595068 MAL 201700386 25.04.2017 25.04.2017 Book
          NON-FICTION AKMAL Melaka AKMAL Melaka PINJAMAN 25.04.2017 305870   342.595068 MAL 201700385 25.04.2017 25.04.2017 Book
          NON-FICTION AKMAL Melaka AKMAL Melaka PINJAMAN 25.04.2017 305869   342.595068 MAL 201700384 25.04.2017 25.04.2017 Book
          NON-FICTION AKMAL Melaka AKMAL Melaka PINJAMAN 25.04.2017 305867   342.595068 MAL 201700381 25.04.2017 25.04.2017 Book
          NON-FICTION AKMAL Melaka AKMAL Melaka PINJAMAN 25.04.2017 305872   342.595068 MAL 201700382 25.04.2017 25.04.2017 Book
          NON-FICTION AKMAL Melaka AKMAL Melaka PINJAMAN 25.04.2017 305871   342.595068 MAL 201700383 25.04.2017 25.04.2017 Book
Pusat Sumber Maklumat Dato' Haji Sarmin Md Hussin, Akademi Kastam Diraja Malaysia, Melaka
Tel: 06-2331106 | Faks: 06-2313787